00899nam a2200217Ia 4500003000900000008004100009020001800050040001600068080001600084100002100100111011500121245019400236260003400430300001300464650002500477650003600502650001900538942000700557999001500564952010200579IN-BaIIA211028s9999 xx 000 0 eng d a3-540-08353-7 cIIA Library a519.68bGRU aGruska, J910276 aSymposium on Mathematical Foundations of Computer Science, 1977n6thcTatranska Lomnicad1977 Sept. 5-9910277 0aMathematical foundations of computer science, 1977bproceedings of 6th symposium held in Tatranska Lomnica, September 5-9, 1977cJ. Gruska  aBerlinbSpringer-Verlagc1977 ax, 595p. aComputer programming aMathematical programming910278 aNASA thesaurus cBK c5929d5929 00104070aBANbBANcGENd1978-08-18l0o519.68/ GRUp6625r2021-11-05w1978-08-18yBKGDM 40.00